| 000 | 00918nam a22002417a 4500 | ||
|---|---|---|---|
| 999 |
_c15909 _d15909 |
||
| 003 | AR-CdUCM | ||
| 008 | 190430b ||||| |||| 00| 0 spa d | ||
| 020 | _a958-04-0413-5 | ||
| 040 |
_aMUNICIPALIDAD PROVINCIAL DEL CUSCO _cBIBLIOTECA MUNICIPAL DEL CUSCO |
||
| 082 |
_aEP / 800 / _bAV91 |
||
| 100 |
_aAvérous, Pierre _935111 |
||
| 245 |
_aLos hombres de la prehistoria : _brespuesta a los "¿por qué?" de los niños / |
||
| 260 |
_aColombia : _bNorma, _c1987. |
||
| 300 |
_a58 paginas ; _bIlustraciones _c21 cm. |
||
| 505 | _aContenido : ¿que eran? -- ¿ha visto mi abuelo a los hombres preistoricos? -- ¿Como vivían? -- ¿Como construían las cuevas? -- ¿Que hacian?... | ||
| 650 |
_aLa prehistoria _935134 |
||
| 650 |
_aEra prehistorica _935135 |
||
| 650 |
_aCuevas _935136 |
||
| 650 |
_aArmas _91400 |
||
| 700 |
_aCarlos Alonso (Traducción) _935114 |
||
| 942 |
_2ddc _cLIBROS |
||
| 945 |
_awnts _d2019-04-30 |
||